| 000 | 00858nam a2200289#a 4500 | ||
|---|---|---|---|
| 001 | 00128 | ||
| 003 | HDC | ||
| 007 | ta | ||
| 008 | 230623s2009 xx 000 0 eng d | ||
| 020 | _a9780071482554 (pbk.). | ||
| 040 | _aHDC | ||
| 050 |
_aHF 1416 _b.N45 2009 |
||
| 100 | _aNelson, Carl A., 1930- | ||
| 245 | 0 |
_aImport export : _bhow to get started in international trade / _cCarl A. Nelson |
|
| 250 | _a4th ed. | ||
| 264 |
_aNew York : _bMcGraw Hill, _c2009 |
||
| 300 |
_axxxii,398p. ; _b ill. ; _c 22cm |
||
| 500 | _aIncludes bibliography and index | ||
| 650 |
_aExports _vHandbooks, manuals, etc |
||
| 650 |
_aImports _vHandbooks, manuals, etc |
||
| 650 |
_aInternational trade _vHandbooks, manuals, etc |
||
| 650 |
_aTrading companies _vHandbooks, manuals, etc |
||
| 942 | _2lcc | ||
| 942 | _cBK | ||
| 942 | _kHF 1416 | ||
| 942 | _m.N45 2009 | ||
| 999 |
_c21772 _d21772 |
||